Pirates Players 2015 - Statistics

General Stats
  • This quiz has been taken 17 times
  • The average score is 16 of 24
Answer Stats
Pos. # Player % Correct
CF 22 Andrew McCutchen
100%
LF 6 Starling Marte
100%
P 45 Gerrit Cole
93%
RF 25 Gregory Polanco
93%
2B 18 Neil Walker
93%
P 34 A.J. Burnett
86%
C 29 Francisco Cervelli
86%
CLOSER 35 Mark Melancon
86%
1B 24 Pedro Alvarez
86%
P 50 Charlie Morton
79%
P 47 Francisco Liriano
79%
SS 10 Jordy Mercer
79%
3B 5 Josh Harrison
79%
SS* 27 Jung Ho Kang
71%
P$ 44 Tony Watson
64%
C* 19 Chris Stewart
57%
P 49 Jeff Locke
43%
OF* 31 Jose Tabata
43%
P$ 37 Arquimedes Caminero
36%
P$ 48 Jared Hughes
36%
1B* 3 Sean Rodriguez
36%
P$ 59 Antonio Bastardo
29%
P$ 52 Rob Scahill
29%
P$ 46 Vance Worley
29%
No matching quizzes found
Score Distribution
Percent of People with Each Score
Percentile by Number Answered
Your Score History
You have not taken this quiz